Creating a future : (Record no. 6933)

MARC details
000 -LEADER
fixed length control field 00540nam a22001697a 4500
003 - CONTROL NUMBER IDENTIFIER
control field OSt
005 - DATE AND TIME OF LATEST TRANSACTION
control field 20251205045834.0
008 - FIXED-LENGTH DATA ELEMENTS--GENERAL INFORMATION
fixed length control field 251205b |||||||| |||| 00| 0 eng d
040 ## - CATALOGING SOURCE
Original cataloging agency DWCL-Main lib.
Transcribing agency OC
082 ## - DEWEY DECIMAL CLASSIFICATION NUMBER
Classification number Fil. 262.2 B117 1993
100 ## - MAIN ENTRY--PERSONAL NAME
Personal name Bacani, Teodoro C.
245 ## - TITLE STATEMENT
Title Creating a future :
Remainder of title evangelization towards the third millenium/
Statement of responsibility, etc. Teodoro C. Bacani
260 ## - PUBLICATION, DISTRIBUTION, ETC.
Place of publication, distribution, etc. Manila :
Name of publisher, distributor, etc. Gift of God Publications,
Date of publication, distribution, etc. c1993.
300 ## - PHYSICAL DESCRIPTION
Extent 219 p. p. ;
Dimensions 21 cm.
650 ## - SUBJECT ADDED ENTRY--TOPICAL TERM
Topical term or geographic name entry element Evangelistic work.
942 ## - ADDED ENTRY ELEMENTS (KOHA)
Source of classification or shelving scheme Dewey Decimal Classification
Koha item type Book-Filipiniana
Classification part Fil.
Suppress in OPAC No
952 ## - LOCATION AND ITEM INFORMATION (KOHA)
--
Holdings
Withdrawn status Lost status Source of classification or shelving scheme Damaged status Not for loan Home library Current library Shelving location Date acquired Source of acquisition Cost, normal purchase price Total Checkouts Full call number Barcode Date last seen Copy number Price effective from Koha item type Uniform Resource Identifier
    Dewey Decimal Classification     College Library College Library Filipiniana 04/28/2007 Donation 0.00   Fil. 262.2 B117 1993 CL44554 12/05/2025 c1 12/05/2025 BK - FIL